<?xml version="1.0" encoding="UTF-8"?>
<record
    xmlns:xsi="http://www.w3.org/2001/XMLSchema-instance"
    xsi:schemaLocation="http://www.loc.gov/MARC21/slim http://www.loc.gov/standards/marcxml/schema/MARC21slim.xsd"
    xmlns="http://www.loc.gov/MARC21/slim">

  <leader>00550nam a2200217Ia 4500</leader>
  <controlfield tag="005">20230426025849.0</controlfield>
  <controlfield tag="008">230125s9999    xx            000 0 und d</controlfield>
  <datafield tag="020" ind1=" " ind2=" ">
    <subfield code="a">978-81-265-4862-0</subfield>
  </datafield>
  <datafield tag="041" ind1=" " ind2=" ">
    <subfield code="a">eng</subfield>
  </datafield>
  <datafield tag="082" ind1=" " ind2=" ">
    <subfield code="a">658.018</subfield>
    <subfield code="b">WIN</subfield>
  </datafield>
  <datafield tag="100" ind1=" " ind2=" ">
    <subfield code="a">Winston W L</subfield>
    <subfield code="9">115451</subfield>
  </datafield>
  <datafield tag="245" ind1=" " ind2=" ">
    <subfield code="a">Marketing Analytics</subfield>
  </datafield>
  <datafield tag="260" ind1=" " ind2=" ">
    <subfield code="c">2014</subfield>
    <subfield code="b">Wiley India (p) Ltd</subfield>
    <subfield code="a">New Delhi</subfield>
  </datafield>
  <datafield tag="300" ind1=" " ind2=" ">
    <subfield code="a">690p</subfield>
  </datafield>
  <datafield tag="500" ind1=" " ind2=" ">
    <subfield code="a">Research methodology
</subfield>
  </datafield>
  <datafield tag="650" ind1=" " ind2=" ">
    <subfield code="a">Research methodology</subfield>
  </datafield>
  <datafield tag="700" ind1=" " ind2=" ">
    <subfield code="a">Winston W L</subfield>
    <subfield code="9">115451</subfield>
  </datafield>
  <datafield tag="906" ind1=" " ind2=" ">
    <subfield code="b">200</subfield>
  </datafield>
  <datafield tag="942" ind1=" " ind2=" ">
    <subfield code="c">BK</subfield>
  </datafield>
  <datafield tag="999" ind1=" " ind2=" ">
    <subfield code="c">93269</subfield>
    <subfield code="d">93269</subfield>
  </datafield>
  <datafield tag="952" ind1=" " ind2=" ">
    <subfield code="0">0</subfield>
    <subfield code="1">0</subfield>
    <subfield code="4">0</subfield>
    <subfield code="7">0</subfield>
    <subfield code="a">HIMR</subfield>
    <subfield code="b">HIMR</subfield>
    <subfield code="d">2015-03-03</subfield>
    <subfield code="e">Pritam Book Centre</subfield>
    <subfield code="g">799.00</subfield>
    <subfield code="i">9334</subfield>
    <subfield code="l">0</subfield>
    <subfield code="o">658.018 WIN B13156</subfield>
    <subfield code="p">HIMR-BK-13156</subfield>
    <subfield code="r">2023-01-25 00:00:00</subfield>
    <subfield code="v">599.00</subfield>
    <subfield code="w">2015-02-06</subfield>
    <subfield code="y">BK</subfield>
    <subfield code="z">B13156</subfield>
  </datafield>
  <datafield tag="952" ind1=" " ind2=" ">
    <subfield code="0">0</subfield>
    <subfield code="1">0</subfield>
    <subfield code="4">0</subfield>
    <subfield code="7">0</subfield>
    <subfield code="a">HIMR</subfield>
    <subfield code="b">HIMR</subfield>
    <subfield code="d">2015-03-03</subfield>
    <subfield code="e">Pritam Book Centre</subfield>
    <subfield code="g">799.00</subfield>
    <subfield code="i">9334</subfield>
    <subfield code="l">0</subfield>
    <subfield code="o">658.018 WIN B13157</subfield>
    <subfield code="p">HIMR-BK-13157</subfield>
    <subfield code="r">2023-01-25 00:00:00</subfield>
    <subfield code="v">599.00</subfield>
    <subfield code="w">2015-02-06</subfield>
    <subfield code="y">BK</subfield>
    <subfield code="z">B13157</subfield>
  </datafield>
</record>
